| 000 -LEADER |
| fixed length control field |
00862cam a2200217 a 4500 |
| 020 ## - INTERNATIONAL STANDARD BOOK NUMBER |
| ISBN |
9812103740 |
| 040 ## - CATALOGING SOURCE |
| Transcribing agency |
TEF |
| 082 04 - DEWEY DECIMAL CLASSIFICATION NUMBER |
| Classification number |
341 MAR 2005 C158 Or. |
| 245 00 - TITLE STATEMENT |
| Title |
Paths to regionalisation : |
| Remainder of title |
comparing experiences in East Asia and Europe / |
| 260 ## - PUBLICATION, DISTRIBUTION, ETC. (IMPRINT) |
| Place of publication |
Singapore ; |
| -- |
New York : |
| Name of publisher |
Marshall Cavendish Academic, |
| Year of publication |
2005. |
| 300 ## - PHYSICAL DESCRIPTION |
| Number of Pages |
xvii, 157 p. : |
| Other physical details |
col. maps ; |
| Dimensions |
23 cm. |
| 500 ## - GENERAL NOTE |
| General note |
"... conference held in Paris in October 2003 by Centre asie ifri and De La Salle University (The Philippines) with the generous support of ASEF (Asia-Europe Foundation)."--Introd. |
| 650 #0 - SUBJECT ADDED ENTRY--TOPICAL TERM |
| Topical Term |
Globalization |
| 650 #0 - SUBJECT ADDED ENTRY--TOPICAL TERM |
| Topical Term |
Regionalism (International organization) |
| 650 #0 - SUBJECT ADDED ENTRY--TOPICAL TERM |
| Topical Term |
International agencies |
| 650 #0 - SUBJECT ADDED ENTRY--TOPICAL TERM |
| Topical Term |
International agencies |
| 700 1# - ADDED ENTRY--PERSONAL NAME |
| Personal name |
Boisseau Du Rocher, Sophie. |
| 700 1# - ADDED ENTRY--PERSONAL NAME |
| Personal name |
Fort, Bertrand. |
| 710 2# - ADDED ENTRY--CORPORATE NAME |
| Corporate name or jurisdiction name as entry element |
Asia-Europe Foundation. |
| 942 ## - ADDED ENTRY ELEMENTS (KOHA) |
| Koha item type |
ADB |
| 952 ## - LOCATION AND ITEM INFORMATION (KOHA) |
| Withdrawn status [LOCAL, KOHA] |
0 |